000 00288nam a22001337a 4500
008 170804b xxu||||| |||| 00| 0 eng d
020 _a9781575213514
041 _aeng
080 _a004
100 _a33
101 _aSHK
245 _aACTIVE SERVER PAGES
_cWALTHER,S
942 _2udc
_cBK
999 _c22704
_d22704